| 000 | 00701nam a2200217Ia 4500 | ||
|---|---|---|---|
| 003 | GCL | ||
| 008 | 140319s9999 xx 000 0 ara d | ||
| 040 |
_aGCL / _cGCL |
||
| 082 | 0 | 4 |
_a550 _bف ف |
| 100 | 1 | _aمحمد جمال الدين الفندى (مترجم) | |
| 245 | 1 | 0 |
_aرواد الصواريخ فى طريقها الى الفضاء / _cمحمد جمال الدين الفندى (مترجم) |
| 700 | 1 | _aوليامز , بريل | |
| 700 | 1 | _aابشتين، صمويل | |
| 700 | 1 | _aبراون، فرنر فون (تقديم) | |
| 300 | _a270 ص | ||
| 490 | _a | ||
| 650 | 0 | 4 | _aالفضاء |
| 650 | 0 | 4 | _aرحلات الفضاء |
| 650 | 0 | 4 | _aرواد الفضاء |
| 942 |
_2ddc _cBK |
||
| 999 |
_c46622 _d46622 |
||